El lugar más bonito del mundo
Պահպանված է:
| Հիմնական հեղինակ: | |
|---|---|
| Ձևաչափ: | Գիրք |
| Լեզու: | իսպաներեն |
| Հրապարակվել է: |
Santiago
Aguilar Chilena de Ediciones S. A
2012
|
| Հրատարակություն: | 12a. ed |
| Շարք: | Alfaguara Infantil
|
| Խորագրեր: | |
| Ցուցիչներ: |
Ավելացրեք ցուցիչ
Չկան պիտակներ, Եղեք առաջինը, ով նշում է այս գրառումը!
|
MARC
| LEADER | 00000cam a2200000 a 4500 | ||
|---|---|---|---|
| 001 | UCC5471 | ||
| 003 | CL-VaPUC | ||
| 008 | 181012e20120000cl |||||||||||||||||spa|d | ||
| 020 | |a 9562390578 | ||
| 082 | 0 | 4 | |a 813 |b CAM |2 21 |
| 100 | 0 | |a Cameron, Ann |e author |9 599776 | |
| 245 | 1 | 3 | |a El lugar más bonito del mundo |
| 250 | |a 12a. ed | ||
| 300 | |a 74 p | ||
| 942 | |c BK | ||
| 945 | |d 20181012 13:26:00 |a dcastane | ||
| 260 | |a Santiago |b Aguilar Chilena de Ediciones S. A |c 2012 | ||
| 650 | 7 | |a LITERATURA INFANTIL ESTADOUNIDENSE |2 CL-VaPUC |9 330335 | |
| 650 | 7 | |a NOVELAS INFANTILES ESTADOUNIDENSES |2 CL-VaPUC |9 462409 | |
| 583 | |a last modification |c 20181012 13:26:00 |k Rodrigo Vera | ||
| 490 | 0 | |a Alfaguara Infantil | |
| 999 | |c 372682 |d 372680 | ||